Budowa pojazdów samochodowych quiz - Statystyki

Ogólne statystyki
  • Ten quiz został rozwiązany 57 razy
  • Średni wynik to 9 z 10
Statystyki odpowiedzi
Zagadnienie Odpowiedź % Poprawnych
Co odpowiada za ładowanie akumulatora podczas jazdy Alternator
98%
Który element należy do układu hamulcowego Tarcza hamulcowa
98%
Jaka funkcję pełni filtr powietrza w silniku Oczyszcza powietrze trafiające do silnika
96%
Jaką funkcję pełni alternator w pojeździe Ładuje akumulator i zasila instalację elektryczną
93%
Jakie zadanie ma układ chłodzenia silnika Utrzymują właściwą temperaturę pracy
93%
Co jest głównym zadaniem amortyzatora Tłumienie drgań zawieszenia
91%
Który element należy do układu rozrządu Wałek rozrządu
91%
Jaką funkcję pełni świeca zapłonowa w silniku benzynowym Wytwarza iskrę potrzebną do zapłonu mieszkanki paliwowo-powietrznej
91%
Jaka funkcję pełni pompa paliwa w układzie wtryskowym Transportuje paliwo do wtryskiwaczy
89%
Jaką funkcję pełni sprzęgło w samochodzie? Łączy i rozłącza silnik ze skrzynią biegów
84%
Nie znaleziono quizów pasujących do podanych kryteriów
Rozkład punktacji
Procent ludzi z każdym wynikiem
Percentyl według liczby udzielonych odpowiedzi
Twoja historia wyników
Nie rozwiązałeś tego quizu